Statistics for Which City Pair is Closer?

Click here to take the quiz!

General Stats

  • This quiz has been taken 27 times
  • The average score is 9 of 15

Answer Stats

QuestionAnswer% Correct
Honolulu to Guadalajara or Boston to Madrid?Boston, USA - Madrid, Spain
95%
Managua to Guatemala City or Medellin to Panama City?Medellin, Colombia - Panama City, Panama
80%
Los Angeles to Tijuana or Bratislava to Budapest?Bratislava, Slovakia - Budapest, Hungary
75%
Dover to Calais or Copenhagen to Malmo?Copenhagen, Denmark - Malmo, Sweden
75%
Cairo to Alexandria or Doha to Manama?Doha, Qatar - Manama, Bahrain
75%
Ho Chi Minh City to Bangkok or Colombo to Chennai?Colombo, Sri Lanka - Chennai, India
70%
Buenos Aires to Montevideo or Seattle to Vancouver?Seattle, USA - Vancouver, Canada
60%
Chicago to New York City or Warsaw to Moscow?Chicago, USA - New York City, USA
50%
New Delhi to Kathmandu or Singapore to Jakarta?New Delhi, India - Kathmandu, Nepal
50%
Manila to Taipei or St. Petersburg to Kiev?St. Petersburg, Russia - Kiev, Ukraine
50%
Seville to Casablanca or Istanbul to Athens?Seville, Spain - Casablanca, Morocco
45%
Tehran to Baghdad or Astana to Chelyabinsk?Tehran, Iran - Baghdad, Iraq
45%
Paris to London or Copenhagen to Stockholm?Paris, France - London, UK
40%
Denver to Salt Lake City or Windsor to Ottawa?Denver, USA - Salt Lake City, USA
35%
Brisbane to Adelaide or Shanghai to Tokyo?Brisbane, Australia - Adelaide, Australia
10%

Score Distribution

Percentile by Number Answered

Percent of People with Each Score

Your Score History

You have not taken this quiz